| 000 | 00670cam a22002292a 4500 | ||
|---|---|---|---|
| 001 | 013346 | ||
| 003 | AR-FADEU | ||
| 008 | 311216n1982####xxu####################dd | ||
| 020 | _a0-14-02-2264-2 | ||
| 092 |
_a820.9 _bN532 |
||
| 245 | _aThe NEW pelican guide to english literature : medieval literature | ||
| 260 | _aHarmondsworth | ||
| 260 | _bPenguin books | ||
| 260 | _c1982 | ||
| 300 | _a8 v. : il | ||
| 440 |
_aPelican book _n1 |
||
| 500 | _aLa biblioteca posee: t.1.; t.2.; t.3.; t.4.; t.5.; t.6.; t.7.; t.8. Contiene Appendix | ||
| 700 | _aBoris, Ford, ed. | ||
| 650 | _aLITERATURA INGLESA-HISTORIA/REVISADO/ | ||
| 546 | _aInglés | ||
| 942 | _cBDGR | ||
| 999 |
_c19113 _d19113 |
||